00432nam a2200109Ia 4500008004100000100003100041245011600072260003900188300001200227650001500239856006800254160712s9999 xx 000 0 und d aPho-Wong, Debbie Chua Bun. cDebbie Chua Bun Pho-WongaA Comparison of Board Governance Practices of Selected Philippine and Hong Kong Banks c2012bPhilippine Management Review avol. 19 xMANAGEMENT uhttp://journals.upd.edu.ph/index.php/pmr/issue/view/306/showToc